| 000 | 00793nam a2200253 a 4500 | ||
|---|---|---|---|
| 008 | |||
| 020 | _a0697126870 (pbk.) | ||
| 049 | _aMAIN | ||
| 090 |
_aQE28.2 _bMAC |
||
| 100 | 1 | _aMcGeary, David. | |
| 245 | 1 | 0 |
_aPhysical geology : _bearth revealed / _cDavid McGeary, Charles C. Plummer. |
| 260 |
_aDubuque, IA : _bWm. C. Brown Publishers , _cc1992. |
||
| 300 |
_axvi, 550 p. : _bill. (some col.) ; _c28 cm. |
||
| 504 | _aIncludes bibliographical references. | ||
| 500 | _aIncludes index. | ||
| 650 | 0 | _aPhysical geology. | |
| 700 | 1 | _aPlummer, Charles C. | |
| 730 | 0 | _aEarth revealed (Television program). | |
| 907 |
_a.b10058618 _b07-05-12 _c17-04-03 |
||
| 003 | |||
| 005 | 20230123133503.0 | ||
| 040 | _cNUST | ||
| 942 |
_cBOOKS _kQE28.2 _mMAC |
||
| 999 |
_c149428 _d149428 |
||